LEADER 01050nlm 2200277Ia 450 001 996501570503316 005 20230110140414.0 100 $a19840404d1696---- uy | 101 0 $aeng 102 $aUK 135 $adrcnu 200 1 $a<> Poem occasion'd by the happy discovery of the horrid and barbarous conspiracy to assassinate His Most Sacred Majesty and to incourage an invasion from France 210 1 $a[London]$cPublished by Elizabeth Whitlock$d1696 215 $aTesto elettronico (PDF) (4 p.) 230 $aBase dati testuale 300 $aTitolo della didascalia 300 $aImpronta dal colophon 300 $aRiproduzione dell'originale nella Harvard University Library 607 $aGran Bretagna$xStoria$2BNCF 676 $a941.5 801 0$aIT$bcba$cREICAT 912 $a996501570503316 959 $aEB 969 $aER 996 $aPoem occasion'd by the happy discovery of the horrid and barbarous conspiracy to assassinate His Most Sacred Majesty and to incourage an invasion from France$92998920 997 $aUNISA